00414nam a2200121Ia 4500008004100000245010300041260003900144260000900183300000900192650001800201650001500219856005800234170221s9999 xx 000 0 und d aChildren's Facebook Usage: Parental Awareness, Attitudes and Behavior Asnat Dor, Dana Weimann-Saks bStudies in Media and Communication c2016 a15 : xCommunication xMedia Arts uhttp://redfame.com/journal/index.php/smc/issue/view/6